| 000 | 00000nam##2200000za#4500 |
| 001 | 9.573816 |
| 003 | CaOODSP |
| 005 | 20210624183901 |
| 007 | cr ||||||||||| |
| 008 | 150406|1992||||xxc|||||o f|0| 0 eng|d |
| 022 | |a1488-5379 |
| 040 | |aCaOODSP|beng |
| 043 | |an-cn--- |
| 086 | 1 |aFs97-6/1827E-PDF |
| 110 | 1 |aCanada. |bDepartment of Fisheries and Oceans. |bCentral and Arctic Region. |
| 245 | 10|aSubstrate stability and invertebrate distribution in two New Zealand streams : |h[electronic resource]|ba survey employing easily measured hydrologic parameters / |cby J.F. Flannagan, P.M.L. Flannagan and M.A. Chapman. |
| 260 | |aWinnipeg - Manitoba : |bFisheries and Oceans Canada. |c1992. |
| 300 | |a13p.|breferences, tables |
| 490 | 1 |aCanadian technical report of fisheries and aquatic sciences|x1488-5379|vNo. 1827 |
| 500 | |aThe catalogue number (Fs97-6/1827E) and ISSN (0706-6457) for the print edition have been incorrectly copied in this electronic publication. |
| 546 | |a(Résumé en français) |
| 590 | |a12-22-Supp|b2012-05-24 |
| 720 | 1 |aFlannagan, J. F. |
| 720 | 1 |aFlannagan, P. M. L. |
| 720 | 1 |aChapman, M. A. |
| 776 | 0#|tSubstrate stability and invertebrate distribution in two New Zealand streams: a survey employing easily measured hydrologic parameters / |w(CaOODSP)9.609880 |
| 830 | #0|aCanadian technical report of fisheries and aquatic sciences,|x1488-5379|vNo. 1827|w(CaOODSP)9.504449 |
| 856 | 40|ahttp://publications.gc.ca|qPDF|s238 KB|uhttps://publications.gc.ca/collections/collection_2012/mpo-dfo/Fs97-6-1827-eng.pdf|yNo. 1827 |